00640nam a2200193Ia 4500008004100000020000700041082001600048100002400064245003000088250000700118260004000125300002800165500001900193600002700212650005000239942000700289952013500296999001500431240925s9999 xx 000 0 und d aNA a004.165 MAC aMackenzie ,Scott I. 4aThe 8051 Microcontroller  aNA aLahore:bWest Publishing Coc,1991. axv,357p.bNAfPhotocopy aIncludes Index aEngineering Technology aComputer science, information & general works cBK 001040708ETaUITUbUITUd1997-01-28eParamount Book Pvt Ltdg300.00l0o004.165 MACpQ1379r2024-09-25 07:12:24w2024-09-25yBK c3878d3878